NFL Detroit Lions 2022-2023 Active Roster - Statistics

General Stats
  • This quiz has been taken 96 times
  • The average score is 24 of 61
Answer Stats
Hint Answer % Correct
QB Jared Goff
99%
WR Amon-Ra St. Brown
94%
RB Jamaal Williams
94%
WR Jameson Williams
93%
RB D'Andre Swift
88%
DE Aidan Hutchinson
83%
TE TJ Hockenson
83%
WR DJ Chark
74%
WR Josh Reynolds
72%
T Penei Sewell
72%
RB Craig Reynolds
70%
C Frank Ragnow
70%
CB Jeff Okudah
67%
C Evan Brown
61%
TE Brock Wright
59%
WR Kalif Raymond
59%
LB Alex Anzalone
55%
G Jonah Jackson
55%
RB Justin Jackson
55%
DT Benito Jones
52%
T Taylor Decker
52%
SS Kerby Joseph
49%
LB Malcom Rodriguez
49%
P Jack Fox
46%
DE Romeo Okwara
38%
TE Shane Zylstra
38%
DE Julian Okwara
36%
TE James Mitchell
35%
SS Tracy Walker III
35%
CB Amani Oruwariye
30%
G Halapoulivaati Vaitai
29%
WR Quintez Cephus
29%
DE Charles Harris
26%
QB Nate Sudfield
26%
CB Will Harris
26%
DE John Cominsky
25%
DE Josh Paschal
25%
DT Isaiah Buggs
23%
CB Jerry Jacobs
23%
LB Derrick Barnes
22%
FS DeShon Elliott
22%
SS Ifeatu Melifonwu
20%
LS Scott Daly
20%
DT Michael Brocker
19%
DT Alim McNiell
17%
DT Levi Onwuzurike
17%
K Austin Seibert
16%
RB Jason Cabinda
16%
FS JuJu Hughes
16%
T Matt Nelson
13%
LB Josh Woods
12%
CB Bobby Price
10%
DT Demetrius Taylor
10%
CB Chase Lucas
9%
LB Chris Board
9%
G Kayode Awosika
9%
G Logan Stenberg
9%
G Tommy Kraemer
9%
DE Austin Bryant
7%
CB Mike Hughs
4%
G Drew Forbes
3%
No matching quizzes found
Score Distribution
Percent of People with Each Score
Percentile by Number Answered
Your Score History
You have not taken this quiz